Life and death of the stars / (Record no. 30381)
[ view plain ]
| 000 -LEADER | |
|---|---|
| fixed length control field | 02463 a2200205 4500 |
| 020 ## - INTERNATIONAL STANDARD BOOK NUMBER | |
| International Standard Book Number | 364245383X (paperback) |
| 020 ## - INTERNATIONAL STANDARD BOOK NUMBER | |
| International Standard Book Number | 9783642453830 (paperback) |
| 082 ## - DEWEY DECIMAL CLASSIFICATION NUMBER | |
| Classification number | 520 |
| 090 ## - LOCALLY ASSIGNED LC-TYPE CALL NUMBER (OCLC); LOCAL CALL NUMBER (RLIN) | |
| -- | 1774 |
| -- | 1774 |
| 100 1# - MAIN ENTRY--PERSONAL NAME | |
| Personal name | Srinivasan, Ganesan. |
| 245 10 - TITLE STATEMENT | |
| Title | Life and death of the stars / |
| Statement of responsibility, etc. | Ganesan Srinivasan. |
| 250 ## - EDITION STATEMENT | |
| Edition statement | 2014th ed. |
| 260 ## - PUBLICATION, DISTRIBUTION, ETC. | |
| Place of publication, distribution, etc. | [S.l.] : |
| Name of publisher, distributor, etc. | Springer, |
| Date of publication, distribution, etc. | 2014. |
| 300 ## - PHYSICAL DESCRIPTION | |
| Extent | 225 p. ; |
| Dimensions | 23 cm. |
| 490 1# - SERIES STATEMENT | |
| Series statement | Undergraduate lecture notes in physics. |
| 520 ## - SUMMARY, ETC. | |
| Summary, etc. | This volume is devoted to one of the fascinating things about stars: how they evolve as they age. This evolution is different for stars of different masses. How stars end their lives when their supply of energy is exhausted also depends on their masses. Interestingly, astronomers conjectured about the ultimate fate of the stars even before the details of their evolution became clear. Part I of this book gives an account of the remarkable predictions made during the 1920s and 1930s concerning the ultimate fate of stars. Since much of this development hinged on quantum physics that emerged during this time, a detailed introduction to the relevant physics is included in the book. Part II is a summary of the life history of stars. This discussion is divided into three parts: low-mass stars, like our Sun, intermediate-mass stars, and massive stars. Many of the concepts of contemporary astrophysics were built on the foundation erected by Subrahmanyan Chandrasekhar in the 1930s. This book, written during his birth centenary, includes a brief biographical sketch of the brilliant scientist, which readers will find fascinating. Reading this book will get young students excited about the presently unfolding revolution in astronomy and the challenges that await them in the world of physics, engineering and technology. General readers will also find the book appealing for its highly accessible narrative of the physics of stars. This book is a companion volume of “What are the Stars?” by the same author. " I know of no other book on the evolution of stars of a similar scope and breadth that is so accessible for undergraduate students ." E P J van den Heuvel Professor of Astrophysics Winner of the Spinoza and Descartes PrizesUniversity of Amsterdam, The Netherlan |
| 830 ## - SERIES ADDED ENTRY--UNIFORM TITLE | |
| Uniform title | Undergraduate lecture notes in physics |
| 942 ## - ADDED ENTRY ELEMENTS (KOHA) | |
| Institution code [OBSOLETE] | SNS |
| Koha item type | Book |
| Call number prefix | 520 SRI |
| Withdrawn status | Lost status | Damaged status | Not for loan | Permanent Location | Current Location | Date acquired | Total Checkouts | Full call number | Barcode | Date last seen | Price effective from | Koha item type |
|---|---|---|---|---|---|---|---|---|---|---|---|---|
| School of Natural Sciences (SNS) | School of Natural Sciences (SNS) | 05/26/2016 | 520 SRI | SNS0002171 | 05/26/2016 | Book |
